[Event "AUTO-ELITE-1606"]
[Site "http://www.queenalice.com/game.php?id=1422398"]
[Date "2016.5.10"]
[Round "2"]
[White "tercer"]
[Black "Tuhers"]
[Result "0-1"]
[WhiteElo "2281"]
[BlackElo "2313"]

1. d4 f5 2. Nf3 Nf6 3. Nc3 e6 4. d5 Bb4 5. dxe6 d5 6. Qd3 O-O 7. Bd2 Bxe6 8. Qb5
Bxc3 9. Bxc3 Qc8 10. Ng5 Ne4 11. Nxe4 fxe4 12. e3 Rf7 13. Be2 c6 14. Qa4 Bg4 15.
Bxg4 Qxg4 16. O-O Qe2 17. Qb3 Na6 18. Rae1 Qh5 19. Bd4 c5 20. Qxb7 Rxb7 21. Bc3
Nb4 22. Bxb4 cxb4 23. h3 Rc8 24. c3 bxc3 25. b3 c2 26. Rc1 Qe5 27. f4 exf3 28.
Kf2 Qh2 0-1

[Event "AUTO-ELITE-1583"]
[Site "http://www.queenalice.com/game.php?id=1443940"]
[Date "2016.10.2"]
[Round "2"]
[White "dnptrs"]
[Black "Tuhers"]
[Result "0-1"]
[WhiteElo "2181"]
[BlackElo "2325"]

1. d4 Nf6 2. Nf3 b6 3. g3 Bb7 4. Bg2 c5 5. c3 g6 6. O-O Bg7 7. Nbd2 O-O 8. e3
Nc6 9. e4 cxd4 10. cxd4 Qc7 11. e5 Nd5 12. Nb3 Ba6 13. Re1 e6 14. a3 d6 15. Bf4
Nxf4 16. gxf4 Ne7 17. Nfd2 Rac8 18. Rc1 Qb8 19. Qf3 Rxc1 20. Rxc1 Rc8 21. Rxc8+
Qxc8 22. exd6 Nf5 23. Qc3 Nxd6 24. Ne4 Qxc3 25. bxc3 Nxe4 26. Bxe4 Bh6 27. d5
Bc4 28. d6 Kf8 29. Nd4 Bxf4 30. d7 Ke7 31. Bc6 a6 32. a4 Bd5 33. Bxd5 exd5 0-1

[Event "AUTO-ELITE-1583"]
[Site "http://www.queenalice.com/game.php?id=1443941"]
[Date "2016.10.2"]
[Round "2"]
[White "Tuhers"]
[Black "dnptrs"]
[Result "1-0"]
[WhiteElo "2318"]
[BlackElo "2186"]

1. e4 c5 2. Nf3 e6 3. d4 cxd4 4. Nxd4 Nf6 5. Nc3 d6 6. Be3 Be7 7. f4 Nc6 8. Qf3
a6 9. Bd3 Nb4 10. O-O Qc7 11. Rac1 Nxd3 12. cxd3 Qb8 13. Rc2 Bd7 14. Rfc1 O-O
15. g4 e5 16. Nf5 Bxf5 17. gxf5 b5 18. Rg2 b4 19. fxe5 dxe5 20. Bh6 Ne8 21. Nd5
Bc5+ 22. Rxc5 1-0

[Event "AUTO-ELITE-1583"]
[Site "http://www.queenalice.com/game.php?id=1443942"]
[Date "2016.10.2"]
[Round "2"]
[White "Donidon"]
[Black "Tuhers"]
[Result "1-0"]
[WhiteElo "2309"]
[BlackElo "2329"]

1. e4 c5 2. Nf3 d6 3. d4 cxd4 4. Nxd4 Nf6 5. Nc3 a6 6. Bc4 e6 7. Bb3 b5 8. O-O
Be7 9. Bg5 O-O 10. Qf3 Bb7 11. Rfe1 Nbd7 12. Bxe6 Ne5 13. Qe2 fxe6 14. Nxe6 Qa5
15. Nxf8 Rxf8 16. Bxf6 Bxf6 17. Nd5 Bg5 18. Red1 Qa4 19. a3 h6 20. h3 Kh8 21. g3
Nf3+ 22. Kg2 Bd2 23. Qd3 Qc4 24. Qxc4 bxc4 25. a4 Bc6 26. Ra3 Bxd5 27. exd5 Ne1+
28. Kf1 Nxc2 29. Rxd2 Nxa3 30. bxa3 Re8 31. Rd4 Rc8 32. Ke1 c3 33. Kd1 c2+ 34.
Kc1 Rc5 35. Rb4 Rxd5 36. Kxc2 Rc5+ 37. Kd3 Kh7 38. Rb6 Ra5 39. Kc4 Rxa4+ 40. Kb3
Ra5 41. a4 Rf5 42. Rxa6 Rxf2 43. Rc6 d5 44. a5 Rf1 45. Rc2 Rf3+ 46. Rc3 Rf6 47.
Kb4 Re6 48. Kc5 Rf6 49. Ra3 Ra6 50. Kb5 Ra8 51. a6 d4 52. Rd3 Kg6 53. Rxd4 Kf7
54. Kb6 Rb8+ 55. Kc7 Rh8 56. Rd8 Rxd8 57. Kxd8 g5 58. a7 Kg6 59. a8=Q Kf7 60.
Qf3+ Ke6 61. Qe4+ Kf6 62. g4 1-0

[Event "AUTO-ELITE-1583"]
[Site "http://www.queenalice.com/game.php?id=1443943"]
[Date "2016.10.2"]
[Round "2"]
[White "Tuhers"]
[Black "Donidon"]
[Result "1-0"]
[WhiteElo "2317"]
[BlackElo "2321"]

1. d4 Nf6 2. c4 c5 3. d5 b5 4. cxb5 a6 5. bxa6 Bxa6 6. g3 g6 7. Bg2 d6 8. Nf3
Bg7 9. O-O O-O 10. Nc3 Nbd7 11. Rb1 Qb6 12. b3 Rfb8 13. Bb2 Qa5 14. Re1 Ng4 15.
Qd2 Nge5 16. Red1 Nxf3+ 17. Bxf3 c4 18. Qc2 Rc8 19. Rdc1 Bh6 20. Rf1 Rab8 21.
Bg2 cxb3 22. axb3 Bg7 23. Rfc1 Nc5 24. Ba1 Qa3 25. b4 Rxb4 26. Rxb4 Qxb4 27. Bh3
e6 28. Na2 Qb5 29. Bxg7 Kxg7 30. Nc3 Qc4 31. Qb2 Qd4 32. Rd1 Qe5 33. dxe6 fxe6
34. Rxd6 Bxe2 35. Bxe6 Nxe6 36. Rd7+ Kf8 37. Qxe2 Ng5 38. Kg2 Qxc3 39. Qe7+ Kg8
40. Qxg5 Qc6+ 41. Qd5+ Qxd5+ 42. Rxd5 Kf7 43. Rd7+ Kg8 44. Rb7 Rf8 45. Rc7 Rf7
46. Rxf7 Kxf7 47. f4 Kf6 48. g4 h6 49. Kf3 Ke6 50. Ke4 Kf6 51. Kd5 Kf7 52. Ke5
Ke7 53. h3 Kf7 54. f5 h5 55. g5 gxf5 56. Kxf5 Kg7 57. g6 h4 58. Kg5 Kg8 59. Kxh4
Kg7 60. Kg5 Kf8 61. Kf6 Kg8 62. g7 1-0

[Event "Challenge"]
[Site "http://www.queenalice.com/game.php?id=1456052"]
[Date "2016.12.23"]
[Round "-"]
[White "LoveChess"]
[Black "Tuhers"]
[Result "1-0"]
[WhiteElo "2848"]
[BlackElo "2326"]

1. d4 Nf6 2. c4 e6 3. Bg5 h6 4. Bh4 Bb4+ 5. Nd2 O-O 6. Nf3 b6 7. e3 Bb7 8. Bd3
d5 9. cxd5 exd5 10. Rc1 c5 11. Ne5 g5 12. Bg3 cxd4 13. O-O dxe3 14. fxe3 Na6 15.
Nb3 Bc5 16. Qf3 Kg7 17. Ng4 Nxg4 18. Qf5 Bxe3+ 19. Kh1 Bf4 20. Qh7+ Kf6 21.
Rxf4+ gxf4 22. Bh4+ Ke5 23. Qf5+ Kd6 24. Qxf4+ Ne5 25. Bxd8 Raxd8 26. Qf6+ 1-0

[Event "AUTO-ELITE-1832"]
[Site "http://www.queenalice.com/game.php?id=1478432"]
[Date "2017.5.17"]
[Round "1"]
[White "Tuhers"]
[Black "bobjgirl"]
[Result "1-0"]
[WhiteElo "2329"]
[BlackElo "2335"]

1. e4 Nf6 2. e5 Nd5 3. d4 d6 4. Nf3 g6 5. Bc4 Nb6 6. Bb3 Bg7 7. a4 dxe5 8. a5
N6d7 9. Bxf7+ Kxf7 10. Ng5+ Kg8 11. Ne6 Qe8 12. Nxc7 Qf7 13. dxe5 Bxe5 14. Nxa8
Nc6 15. Nd2 Kg7 16. Nf3 Bd6 17. Qd2 Nde5 18. Qh6+ Kg8 19. Nxe5 Nxe5 20. Qd2 Be6
21. a6 bxa6 22. f4 Ng4 23. h3 Nf6 24. Rxa6 Kg7 25. Rxa7 Re8 26. Nc7 Rc8 27. Qxd6
1-0

[Event "AUTO-ELITE-1832"]
[Site "http://www.queenalice.com/game.php?id=1478433"]
[Date "2017.5.17"]
[Round "1"]
[White "bobjgirl"]
[Black "Tuhers"]
[Result "0-1"]
[WhiteElo "2363"]
[BlackElo "2316"]

1. d4 Nf6 2. c4 e6 3. Nf3 d5 4. g3 dxc4 5. Bg2 Bb4+ 6. Bd2 a5 7. O-O O-O 8. Nc3
c6 9. a3 Be7 10. e4 Nbd7 11. e5 Nd5 12. Ne4 b5 13. a4 Bb7 14. h4 Qc7 15. b3 N5b6
16. Qc2 cxb3 17. Qxb3 c5 18. dxc5 Nxa4 19. Nd6 Ndxc5 20. Qb1 Bxd6 21. exd6 Qxd6
22. Bf4 Qd3 23. Qxd3 Nxd3 24. Be3 Nc3 0-1

[Event "AUTO-ELITE-2125"]
[Site "http://www.queenalice.com/game.php?id=1573953"]
[Date "2019.6.10"]
[Round "1"]
[White "gacer"]
[Black "Tuhers"]
[Result "0-1"]
[WhiteElo "2314"]
[BlackElo "2381"]

1. e4 c5 2. Nf3 d6 3. g3 Nf6 4. d3 Nc6 5. Bg2 g6 6. O-O Bg7 7. c3 O-O 8. Nbd2
Rb8 9. a4 Be6 10. Ng5 Bg4 11. Qc2 h6 12. Ngf3 Be6 13. Re1 Na5 14. b3 Nd7 0-1

[Event "AUTO-ELITE-2125"]
[Site "http://www.queenalice.com/game.php?id=1573954"]
[Date "2019.6.10"]
[Round "1"]
[White "Tuhers"]
[Black "gacer"]
[Result "1-0"]
[WhiteElo "2370"]
[BlackElo "2325"]

1. e4 c5 2. Nf3 d5 3. exd5 Nf6 4. Bb5+ Nbd7 5. c4 a6 6. Ba4 b5 7. cxb5 Nxd5 8.
Nc3 N5b6 9. Bc2 axb5 10. Nxb5 Nd5 11. O-O Ba6 12. Bd3 e6 13. Qe1 Nb4 14. Bc4 1-0

[Event "AUTO-ELITE-2125"]
[Site "http://www.queenalice.com/game.php?id=1587651"]
[Date "2019.10.22"]
[Round "2"]
[White "GEMAN"]
[Black "Tuhers"]
[Result "1-0"]
[WhiteElo "2358"]
[BlackElo "2413"]

1. Nf3 d5 2. d4 Nc6 3. c4 dxc4 4. d5 Nb4 5. Qa4+ Nc6 6. dxc6 b6 7. Nc3 Nf6 8.
Bf4 e6 9. Nb5 a6 10. Nxc7+ Ke7 11. Qb4+ Qd6 12. Qxd6# 1-0

[Event "AUTO-ELITE-2125"]
[Site "http://www.queenalice.com/game.php?id=1587652"]
[Date "2019.10.22"]
[Round "2"]
[White "Tuhers"]
[Black "GEMAN"]
[Result "1-0"]
[WhiteElo "2406"]
[BlackElo "2369"]

1. e4 e5 2. Nf3 d6 3. d4 Nc6 4. d5 Nd4 5. Nxd4 exd4 6. Qxd4 Bg4 7. Bb5+ c6 8.
dxc6 Qf6 9. cxb7+ Kd8 10. bxa8=Q+ Ke7 11. Qe8# 1-0

[Event "AUTO-ELITE-2205"]
[Site "http://www.queenalice.com/game.php?id=1600893"]
[Date "2020.2.27"]
[Round "1"]
[White "gega"]
[Black "Tuhers"]
[Result "1-0"]
[WhiteElo "2271"]
[BlackElo "2410"]

1. d4 f5 2. Bg5 g6 3. Nf3 Bg7 4. Nc3 d5 5. Qd2 c6 6. h4 h6 7. Bf4 Nf6 8. Ne5 Qb6
9. Nxg6 Rh7 10. O-O-O Be6 11. Qe3 Bf7 12. Qxe7# 1-0

[Event "AUTO-ELITE-2205"]
[Site "http://www.queenalice.com/game.php?id=1600899"]
[Date "2020.2.27"]
[Round "1"]
[White "Tuhers"]
[Black "chego"]
[Result "1-0"]
[WhiteElo "2404"]
[BlackElo "2294"]

1. e4 g6 2. d4 Nh6 3. Nf3 Bg7 4. Nc3 O-O 5. Bf4 d6 6. h3 Nc6 7. Qd2 Ng4 8. hxg4
Bxg4 9. Bh6 e5 10. Bxg7 Kxg7 11. Qh6+ Kg8 12. Qxh7# 1-0

[Event "AUTO-ELITE-2205"]
[Site "http://www.queenalice.com/game.php?id=1624151"]
[Date "2020.8.18"]
[Round "2"]
[White "prego"]
[Black "Tuhers"]
[Result "1-0"]
[WhiteElo "2581"]
[BlackElo "2398"]

1. e4 c5 2. Nc3 Nc6 3. Bb5 g6 4. Nf3 Bg7 5. O-O e5 6. d3 Nge7 7. Bg5 O-O 8. Qd2
f6 9. Bc4+ Kh8 10. Bh6 Bxh6 11. Qxh6 g5 12. h4 Nd4 13. Nxd4 cxd4 14. Nd5 Nc6 15.
a4 Nb4 16. Nxb4 d6 17. a5 gxh4 18. a6 Qc7 19. Qxf8# 1-0

[Event "AUTO-ELITE-2205"]
[Site "http://www.queenalice.com/game.php?id=1624152"]
[Date "2020.8.18"]
[Round "2"]
[White "Tuhers"]
[Black "prego"]
[Result "0-1"]
[WhiteElo "2391"]
[BlackElo "2589"]

1. d4 Nf6 2. g3 Nc6 3. Nf3 d5 4. Bg2 Bf5 5. O-O e6 6. c4 dxc4 7. Nbd2 Be7 8. Ne5
Nxd4 9. Bxb7 Rb8 10. Ndxc4 Rxb7 11. Bg5 Bc2 12. Qd2 Bb4 13. Qe3 Qd5 14. Rfc1 Ne4
15. h4 Bc5 16. Kh2 f6 17. Bxf6 gxf6 18. Qa3 Bxa3 19. Rf1 Be7 20. f3 Nxg3 21.
Kxg3 fxe5 22. Ne3 Nxe2+ 23. Kh2 Qd2 24. Ng4 h5 25. Nf2 Qf4+ 26. Kg2 Qg3+ 27. Kh1
Nf4 28. Rg1 Qxh4+ 29. Nh3 Qxh3# 0-1